000 00756nam a2200277Ia 4500
001 4389
005 20240113233734.0
007 ta
008 170802s1971 ii a g b000 u asm u
020 _cRs. 7.00 (HB)
040 _aCotton College,Assam
041 _aasm
082 _a491.41
_bG 699 As
100 _aGoswami, Sarat Ch. .
245 0 _aAasamiya Paribhasa Vol. I /
_cSarat Ch. Goswami.
_hTextual Documents
250 _a1st ed. /
260 _aGuwahati :
_bUniversity of Gauhati ,
_c1971.
300 _a301p. :
_bill. ;
_c23cm .
365 _aRs. 7.00
653 _aAssamese Language
653 _aAssamese Essays-Language
653 _aPG-Assamese
942 _2ddc
_cBK
999 _c4376
_d4376